| 000 | 00333nam a22001337a 4500 | ||
|---|---|---|---|
| 020 | _a978-81-318-0205-2 | ||
| 082 |
_a530 _bNAR/C |
||
| 100 | _aKUMAR, NARINDER | ||
| 245 |
_aCOMPREHENSIVE PHYSICS _bFOR CLASS XII |
||
| 250 | _aNEW EDITION | ||
| 260 |
_aDELHI _bLAXMI PUBLICATIONS |
||
| 650 |
_aPHYSICS FOR CLASS XII _zINDIA |
||
| 942 | _cBK | ||
| 999 |
_c1547 _d1547 |
||